Представление документа в формате MARC21

Поле Инд. ПП Название Значение
Тип записи a
Библиографический уровень b
001 Контрольный номер RU/IS/BASE/220466434
005 Дата корректировки 20200630193127.5
008 Кодируемые данные 20061226
040 b Код языка каталог. rus
e Правила каталог. PSBO
041 0_ a Код языка текста rus
084 a Индекс другой классификации/Индекс ББК 88.53; 60.53
100 1_ a Автор Синяков А. В.
245 10 a Заглавие Феномен социальной ответственности как проявление ценностно-смысловой регуляции поведения человека
504 a Библиография Библиогр. ссылки
520 a Аннотация В центре исследовательского внимания автора - выявление общих закономерностей социальных и психологических механизмов феномена ответственности в контексте многуровневой модели личностной саморегуляции
650 a Основная рубрика психология
a Основная рубрика психология личности
a Основная рубрика социальная психология
a Основная рубрика социология
a Основная рубрика социология личности
653 a Ключевые слова духовность
a Ключевые слова ответственность
a Ключевые слова поведение
a Ключевые слова саморегуляция
a Ключевые слова саморегуляция личности
a Ключевые слова свобода
a Ключевые слова свобода личности
a Ключевые слова социальная ответственность
a Ключевые слова ценности
773 0_ t Заглавие источника Вестник Московского университета. Серия 18, Социология и политология
d Дата издания источника 2006
g Прочая информация № 4. - С. 158 - 174
w Контрольный № источника RU/IS/BASE/219330550
901 t Тип документа b